[Event "Oebro CXU International 2023"]
[Site "Copenhagen"]
[Date "2023.07.28"]
[Round "7.5"]
[White "Hector, Jonny"]
[Black "Westrum, Kim Roger Hansen"]
[Result "1/2-1/2"]
[WhiteElo "2481"]
[BlackElo "2106"]
[PlyCount "76"]
[EventDate "2023.07.24"]
[EventType "swiss"]
[EventRounds "9"]
[EventCountry "DEN"]
[SourceTitle "Live v. Obro Skakforenin"]

1. e4 c5 2. Nf3 g6 3. d4 cxd4 4. Nxd4 Bg7 5. Nc3 Nc6 6. Nb3 Nf6 7. Be2 O-O 8.
O-O a5 9. a4 Nb4 10. Be3 d5 11. e5 Ne4 12. f4 g5 13. Bf3 gxf4 14. Bxf4 Qb6+ 15.
Qd4 Qxd4+ 16. Nxd4 f5 17. Ncb5 Bd7 18. Be2 Rfc8 19. c3 Nc6 20. Nf3 e6 21. Rfd1
Ne7 22. Be3 Ng6 23. Bd4 Nf4 24. Bf1 Be8 25. Na7 Rc7 26. Bb6 Re7 27. c4 Bh5 28.
Ra3 Bf8 29. g3 Rg7 30. Re3 Ng5 31. Kf2 Nxf3 32. gxf4 Nxe5 33. Rxe5 Bxd1 34.
cxd5 exd5 35. Rxd5 Bb3 36. Rxf5 Rf7 37. Rg5+ Bg7 38. Be3 Rxa7 1/2-1/2

[Event "Oebro CXU International 2023"]
[Site "Copenhagen"]
[Date "2023.07.28"]
[Round "7.6"]
[White "Nielsen, Viktor Haarmark"]
[Black "Hacker, Jonas"]
[Result "1/2-1/2"]
[WhiteElo "2345"]
[BlackElo "2406"]
[PlyCount "72"]
[EventDate "2023.07.24"]
[EventType "swiss"]
[EventRounds "9"]
[EventCountry "DEN"]
[SourceTitle "Live v. Obro Skakforenin"]

1. d4 Nf6 2. c4 e6 3. Nf3 d5 4. g3 dxc4 5. Bg2 Bb4+ 6. Bd2 a5 7. Qc2 Bxd2+ 8.
Qxd2 c6 9. a4 b5 10. axb5 cxb5 11. Qg5 O-O 12. Qxb5 Ba6 13. Qa4 Qb6 14. Nbd2
Bb5 15. Qc2 Nc6 16. O-O Rac8 17. Rfc1 Nxd4 18. Nxd4 Qxd4 19. Rxa5 c3 20. bxc3
Qb6 21. Raa1 Bxe2 22. Ne4 Bc4 23. Nxf6+ gxf6 24. Qd2 Qc5 25. h4 Kg7 26. Ra4
Rfd8 27. Qf4 Bd5 28. Rd4 Bxg2 29. Rxd8 Rxd8 30. Kxg2 h6 31. Qf3 Qc4 32. Rb1 Rd3
33. Rb4 Qd5 34. Qxd5 exd5 35. Rg4+ Kf8 36. Rd4 Rxc3 1/2-1/2

[Event "Oebro CXU International 2023"]
[Site "Copenhagen"]
[Date "2023.07.28"]
[Round "7.7"]
[White "Ingebretsen, Jens E"]
[Black "Kistrup, Nicolai"]
[Result "1/2-1/2"]
[WhiteElo "2342"]
[BlackElo "2339"]
[PlyCount "130"]
[EventDate "2023.07.24"]
[EventType "swiss"]
[EventRounds "9"]
[EventCountry "DEN"]
[SourceTitle "Live v. Obro Skakforenin"]

1. d4 Nf6 2. c4 e6 3. Nf3 d5 4. Nc3 Bb4 5. Bg5 O-O 6. e3 c5 7. dxc5 h6 8. Bxf6
Qxf6 9. Qd4 dxc4 10. Rc1 Qe7 11. Qxc4 Qxc5 12. a3 Qxc4 13. Bxc4 Be7 14. Ke2 Bd7
15. Ne5 Bc6 16. f3 Bf6 17. Nxc6 Nxc6 18. Rc2 Rfc8 19. Ne4 Be7 20. Rhc1 Rc7 21.
Bb5 Rac8 22. Rc4 f5 23. Nf2 Bd6 24. Bxc6 Rxc6 25. Rxc6 Rxc6 26. Rxc6 bxc6 27.
h3 Kf7 28. Kd3 Kg6 29. f4 Kh5 30. Ke2 g5 31. Kf3 Kg6 32. Nd3 Kf6 33. g4 gxf4
34. exf4 e5 35. fxe5+ Bxe5 36. gxf5 Kxf5 37. Nxe5 Kxe5 38. Kg4 Kf6 39. b4 Kg6
40. a4 Kf6 41. Kf4 Ke6 42. Ke4 Kf6 43. Kd4 Ke6 44. Ke4 Kf6 45. h4 Ke6 46. Kd4
Kd6 47. h5 Ke6 48. Kc5 Kd7 49. b5 cxb5 50. Kxb5 Kd6 51. a5 Kc7 52. Ka6 Kb8 53.
Kb5 Kc7 54. Kb4 Kc6 55. Kc4 a6 56. Kd4 Kb5 57. Ke5 Kxa5 58. Kf6 Kb6 59. Kg6 a5
60. Kxh6 a4 61. Kg7 a3 62. h6 a2 63. h7 a1=Q+ 64. Kg8 Qg1+ 65. Kh8 Ka5 1/2-1/2

[Event "Oebro CXU International 2023"]
[Site "Copenhagen"]
[Date "2023.07.28"]
[Round "7.8"]
[White "Hagen, Andreas Skytte"]
[Black "Storme, Isak"]
[Result "0-1"]
[WhiteElo "2348"]
[BlackElo "2448"]
[PlyCount "134"]
[EventDate "2023.07.24"]
[EventType "swiss"]
[EventRounds "9"]
[EventCountry "DEN"]
[SourceTitle "Live v. Obro Skakforenin"]

1. e4 e5 2. Nf3 Nc6 3. Bb5 a6 4. Ba4 g6 5. O-O Bg7 6. c3 d6 7. d4 Bd7 8. Re1
Nge7 9. Be3 O-O 10. d5 Nb8 11. Bxd7 Nxd7 12. c4 h6 13. Nfd2 f5 14. f3 Nf6 15.
Nc3 f4 16. Bf2 g5 17. c5 Ng6 18. Nc4 Rf7 19. Qb3 Bf8 20. Qxb7 g4 21. Na5 g3 22.
hxg3 fxg3 23. Bxg3 Nh5 24. Nc6 Qg5 25. Qxa8 Rxf3 26. Bh2 Ngf4 27. Re2 Rxc3 28.
Bxf4 Nxf4 29. bxc3 Nxe2+ 30. Kf2 Qd2 31. Rd1 Qxd1 32. Qe8 Qg1+ 33. Kxe2 Qxg2+
34. Kd1 Qf1+ 35. Kd2 Qf4+ 36. Kd1 Qxe4 37. Qe6+ Kh8 38. Qf6+ Kg8 39. Qe6+ Kg7
40. Kc1 Qg6 41. Qd7+ Qf7 42. Qg4+ Kh8 43. Nd8 Qf6 44. Ne6 dxc5 45. Nxc7 e4 46.
Qxe4 Qxc3+ 47. Kd1 Qa1+ 48. Ke2 Qxa2+ 49. Kf3 Qb3+ 50. Kg2 Qb2+ 51. Kf3 Qf6+
52. Ke2 a5 53. Ne6 Bd6 54. Kd3 Qf1+ 55. Kc3 Qa1+ 56. Kb3 a4+ 57. Kc4 Qb2 58.
Nxc5 Qc1+ 59. Kd3 Qa3+ 60. Ke2 Bxc5 61. Qe5+ Kh7 62. Qf5+ Kg7 63. Qg4+ Kf6 64.
Qf4+ Ke7 65. Qc7+ Kf8 66. Qc8+ Kg7 67. Qg4+ Kh8 0-1

[Event "Oebro CXU International 2023"]
[Site "Copenhagen"]
[Date "2023.07.28"]
[Round "7.9"]
[White "Vuelban, Virgilio"]
[Black "Andersen, Morten"]
[Result "1-0"]
[WhiteElo "2195"]
[BlackElo "2190"]
[PlyCount "69"]
[EventDate "2023.07.24"]
[EventType "swiss"]
[EventRounds "9"]
[EventCountry "DEN"]
[SourceTitle "Live v. Obro Skakforenin"]

1. e4 c5 2. Nf3 Nf6 3. e5 Nd5 4. Nc3 e6 5. Nxd5 exd5 6. d4 Nc6 7. dxc5 Bxc5 8.
Bd3 d6 9. exd6 Qxd6 10. O-O O-O 11. c3 a5 12. Bc2 g6 13. Bh6 Re8 14. Bb3 Ne7
15. Bg5 Be6 16. Nd4 Bd7 17. Re1 f6 18. Bh4 a4 19. Bc2 Qb6 20. Nf3 Kg7 21. Qd2
Bg4 22. Nd4 Bxd4 23. cxd4 Bd7 24. Re3 Nc6 25. Rxe8 Bxe8 26. Rd1 Qxb2 27. Qe2
Bf7 28. Qd2 g5 29. Rb1 Qxd4 30. Bxg5 fxg5 31. Qxg5+ Bg6 32. Bxg6 b5 33. Be8+
Kh8 34. Bxc6 Rg8 35. Qxd5 1-0

[Event "Oebro CXU International 2023"]
[Site "Copenhagen"]
[Date "2023.07.28"]
[Round "7.10"]
[White "Grave, Jacob Templen"]
[Black "Loftgaard, Mikkel Vinh"]
[Result "1-0"]
[WhiteElo "2255"]
[BlackElo "2229"]
[PlyCount "125"]
[EventDate "2023.07.24"]
[EventType "swiss"]
[EventRounds "9"]
[EventCountry "DEN"]
[SourceTitle "Live v. Obro Skakforenin"]

1. d4 Nf6 2. c4 e6 3. g3 d5 4. Bg2 Bb4+ 5. Nd2 O-O 6. Ngf3 b6 7. O-O Bb7 8. b3
Nbd7 9. Bb2 dxc4 10. Nxc4 b5 11. a3 bxc4 12. axb4 Nb6 13. Ne5 Bxg2 14. Kxg2 c3
15. Bxc3 Nfd5 16. Bd2 f6 17. Nd3 f5 18. Ra5 Qf6 19. Ne5 f4 20. e4 fxe3 21. fxe3
Qg5 22. Rxf8+ Rxf8 23. Qe2 Qe7 24. Nd3 Qd6 25. Nc5 Nf6 26. e4 Rf7 27. Be3 Nbd7
28. Ra6 c6 29. Rxa7 Qb8 30. Rb7 Qc8 31. Bf4 Nxc5 32. Rxf7 Kxf7 33. bxc5 Qb7 34.
Qd3 Qa7 35. Be5 Qa2+ 36. Kh3 Qf2 37. Bxf6 Kxf6 38. e5+ Kg5 39. g4 g6 40. Qe4 h6
41. b4 Qf1+ 42. Kg3 Qg1+ 43. Qg2 Qe3+ 44. Qf3 Qg1+ 45. Kh3 h5 46. Qf6+ Kh6 47.
g5+ Kh7 48. Qf7+ Kh8 49. Qf8+ Kh7 50. Qh6+ Kg8 51. Qxg6+ Kf8 52. Qf6+ Kg8 53.
Qxe6+ Kh8 54. Qf6+ Kg8 55. Qg6+ Kf8 56. Qf5+ Kg7 57. Qf6+ Kg8 58. Qf4 Qb1 59.
g6 Kg7 60. e6 Kxg6 61. e7 Kh7 62. e8=Q Qd3+ 63. Qee3 1-0

[Event "Oebro CXU International 2023"]
[Site "Copenhagen"]
[Date "2023.07.29"]
[Round "8.1"]
[White "Haubro, Martin"]
[Black "Holm, Kristian Stuvik"]
[Result "1/2-1/2"]
[WhiteElo "2386"]
[BlackElo "2480"]
[PlyCount "70"]
[EventDate "2023.07.24"]
[EventType "swiss"]
[EventRounds "9"]
[EventCountry "DEN"]
[SourceTitle "Live v. Obro Skakforenin"]

1. e4 e6 2. d4 d5 3. Nc3 Nf6 4. e5 Nfd7 5. f4 c5 6. Nf3 Nc6 7. Be3 a6 8. Ne2
Qb6 9. Qc1 Be7 10. c3 O-O 11. h4 f6 12. h5 h6 13. Rh3 Rf7 14. g4 Qa5 15. Qd2
cxd4 16. cxd4 Qxd2+ 17. Kxd2 Nb6 18. Nc3 Bd7 19. b3 Rc8 20. a3 Na5 21. Kc2 Bb5
22. Bg2 Bf8 23. Bc1 Rxc3+ 24. Kxc3 Rc7+ 25. Kb2 Nxb3 26. Kxb3 Ba4+ 27. Kb2 Rc2+
28. Kb1 Rxg2 29. Ra2 Rxg4 30. exf6 gxf6 31. Nh4 Nc4 32. f5 e5 33. dxe5 Nxe5 34.
Rg2 Rxg2 35. Nxg2 Kf7 1/2-1/2

[Event "Oebro CXU International 2023"]
[Site "Copenhagen"]
[Date "2023.07.29"]
[Round "8.2"]
[White "Sriram, Jha"]
[Black "Brynell, Stellan"]
[Result "1/2-1/2"]
[WhiteElo "2315"]
[BlackElo "2397"]
[PlyCount "48"]
[EventDate "2023.07.24"]
[EventType "swiss"]
[EventRounds "9"]
[EventCountry "DEN"]
[SourceTitle "Live v. Obro Skakforenin"]

1. d4 Nf6 2. c4 e6 3. Nf3 Bb4+ 4. Bd2 Bxd2+ 5. Qxd2 O-O 6. Nc3 d5 7. e3 Qe7 8.
Rc1 Rd8 9. cxd5 exd5 10. Be2 Bg4 11. O-O c6 12. Ne5 Bxe2 13. Qxe2 Nbd7 14. Nd3
Nb6 15. Nc5 Nc8 16. Rfd1 Nd6 17. b3 Re8 18. Rc2 g6 19. h3 Kg7 20. Nd3 Rad8 21.
Ne5 Nd7 22. Nd3 Nf6 23. Ne5 Nd7 24. Nd3 Nf6 1/2-1/2

[Event "Oebro CXU International 2023"]
[Site "Copenhagen"]
[Date "2023.07.29"]
[Round "8.3"]
[White "Baasansuren, Erdene"]
[Black "Hamitevici, Vladimir"]
[Result "1-0"]
[WhiteElo "2278"]
[BlackElo "2494"]
[PlyCount "137"]
[EventDate "2023.07.24"]
[EventType "swiss"]
[EventRounds "9"]
[EventCountry "DEN"]
[SourceTitle "Live v. Obro Skakforenin"]

1. d4 e6 2. c4 b6 3. e4 Bb4+ 4. Bd2 Bxd2+ 5. Qxd2 d5 6. Bd3 Ne7 7. Nc3 O-O 8.
Nf3 Nd7 9. O-O Ba6 10. cxd5 Bxd3 11. Qxd3 exd5 12. Rac1 a6 13. Rfe1 Nf6 14. e5
Nh5 15. Ne2 g6 16. Qd2 Ng7 17. h3 Ne6 18. Nh2 h5 19. Rc3 c5 20. g4 Kg7 21. gxh5
Nf5 22. dxc5 Nxc5 23. Ng3 Nxg3 24. Rxg3 Ne4 25. Qd4 Nxg3 26. e6+ Kg8 27. fxg3
Qd6 28. Kg2 fxe6 29. hxg6 Qc5 30. Qd2 Rf6 31. Ng4 Rxg6 32. Qd3 Kg7 33. Ne5 Rf6
34. Ng4 Rc8 35. Nxf6 Qc2+ 36. Qe2 Kxf6 37. h4 e5 38. Rf1+ Ke6 39. Qxc2 Rxc2+
40. Rf2 Rc8 41. g4 e4 42. h5 e3 43. Rf4 Ke5 44. Kf3 d4 45. Rf5+ Ke6 46. h6 Rh8
47. Rh5 Kf6 48. Ke2 Rd8 49. Kd3 Re8 50. Rh2 Kg6 51. h7 Kg7 52. Kxd4 e2 53.
h8=Q+ Rxh8 54. Rxe2 Rh4 55. Rg2 Kf6 56. Kd5 Kg5 57. Kc6 Rh6+ 58. Kb7 b5 59. b4
Rg6 60. Rc2 Kf4 61. Rc6 Rxg4 62. Kxa6 Rg2 63. Kxb5 Rxa2 64. Re6 Rb2 65. Kc5 Kf5
66. Re1 Rc2+ 67. Kb6 Kf6 68. b5 Kf7 69. Kb7 1-0

[Event "Oebro CXU International 2023"]
[Site "Copenhagen"]
[Date "2023.07.29"]
[Round "8.4"]
[White "Storme, Isak"]
[Black "Carlsson, Ludvig"]
[Result "1/2-1/2"]
[WhiteElo "2448"]
[BlackElo "2373"]
[PlyCount "64"]
[EventDate "2023.07.24"]
[EventType "swiss"]
[EventRounds "9"]
[EventCountry "DEN"]
[SourceTitle "Live v. Obro Skakforenin"]

1. e4 e5 2. Nf3 Nc6 3. Bb5 Nf6 4. O-O Nxe4 5. Re1 Nd6 6. Nxe5 Be7 7. Bf1 Nxe5
8. Rxe5 O-O 9. d4 Ne8 10. d5 Bc5 11. Be3 d6 12. Bxc5 dxc5 13. Nc3 Nd6 14. Qd2
Qf6 15. Rae1 Bd7 16. h3 Rfe8 17. f4 Qh4 18. Qf2 Qxf2+ 19. Kxf2 Kf8 20. g4 f6
21. Rxe8+ Rxe8 22. Rxe8+ Kxe8 23. Bd3 h6 24. Ke3 Ke7 25. a3 a5 26. Kf3 g5 27.
Nd1 b6 28. Ne3 Bc8 29. c3 Bd7 30. Be2 Bc8 31. Bd3 Bd7 32. Be2 Bc8 1/2-1/2

[Event "Oebro CXU International 2023"]
[Site "Copenhagen"]
[Date "2023.07.29"]
[Round "8.5"]
[White "Hacker, Jonas"]
[Black "Hector, Jonny"]
[Result "0-1"]
[WhiteElo "2406"]
[BlackElo "2481"]
[PlyCount "80"]
[EventDate "2023.07.24"]
[EventType "swiss"]
[EventRounds "9"]
[EventCountry "DEN"]
[SourceTitle "Live v. Obro Skakforenin"]

1. e4 e5 2. Nf3 Nc6 3. Bb5 f5 4. d4 fxe4 5. Bxc6 dxc6 6. Nxe5 Nf6 7. O-O c5 8.
c3 Be6 9. Bf4 Be7 10. Na3 cxd4 11. cxd4 O-O 12. Nc2 Qe8 13. Qe2 Rd8 14. Bg3 a6
15. b3 c5 16. Rad1 Qh5 17. Qxh5 Nxh5 18. Rfe1 Bf6 19. d5 Bxd5 20. Ng4 Bc3 21.
Rf1 Be6 22. Nge3 Nxg3 23. hxg3 Rd3 24. Ne1 Rxd1 25. Nxd1 Bd2 26. Nc2 c4 27. Nd4
Bf7 28. Ne3 Rd8 29. Ne2 cxb3 30. axb3 Bxb3 31. Rb1 Bxe3 32. Rxb3 Rd1+ 33. Kh2
Bxf2 34. Rxb7 Rd3 35. Kh3 a5 36. Rb8+ Kf7 37. Rb5 Be1 38. Rf5+ Kg8 39. Nf4
Rxg3+ 40. Kh2 Rb3 0-1

[Event "Oebro CXU International 2023"]
[Site "Copenhagen"]
[Date "2023.07.29"]
[Round "8.6"]
[White "Kistrup, Nicolai"]
[Black "Nielsen, Viktor Haarmark"]
[Result "1-0"]
[WhiteElo "2339"]
[BlackElo "2345"]
[PlyCount "79"]
[EventDate "2023.07.24"]
[EventType "swiss"]
[EventRounds "9"]
[EventCountry "DEN"]
[SourceTitle "Live v. Obro Skakforenin"]

1. e4 e5 2. Nf3 Nc6 3. Bc4 Bc5 4. c3 Nf6 5. d4 exd4 6. e5 d5 7. Bb5 Ne4 8. cxd4
Bb6 9. Nc3 O-O 10. Be3 Bg4 11. h3 Bh5 12. Qc2 Bg6 13. Qb3 Ne7 14. O-O c6 15.
Bd3 Nd2 16. Nxd2 Bxd3 17. Rfe1 Bg6 18. Na4 Rb8 19. Nxb6 Qxb6 20. Qc3 a5 21. Nb3
Ra8 22. Bd2 a4 23. Nc5 Rfd8 24. Rac1 Qb5 25. Bg5 Re8 26. g4 Ra7 27. e6 f6 28.
Bf4 b6 29. Nd7 Bd3 30. Re3 Bc4 31. b3 axb3 32. axb3 Ra3 33. Rb1 c5 34. Qc2 cxd4
35. bxc4 Qxb1+ 36. Qxb1 dxe3 37. Bd6 exf2+ 38. Kxf2 Ra5 39. Bxe7 Rxe7 40. Qxb6
1-0

[Event "Oebro CXU International 2023"]
[Site "Copenhagen"]
[Date "2023.07.29"]
[Round "8.7"]
[White "Vuelban, Virgilio"]
[Black "Ingebretsen, Jens E"]
[Result "1/2-1/2"]
[WhiteElo "2195"]
[BlackElo "2342"]
[PlyCount "125"]
[EventDate "2023.07.24"]
[EventType "swiss"]
[EventRounds "9"]
[EventCountry "DEN"]
[SourceTitle "Live v. Obro Skakforenin"]

1. d4 d5 2. c4 c6 3. Nf3 Nf6 4. Nc3 e6 5. Bg5 Nbd7 6. e3 Qa5 7. cxd5 Nxd5 8.
Qd2 Bb4 9. Rc1 Nxc3 10. bxc3 Ba3 11. Rb1 b6 12. Bd3 Ba6 13. O-O O-O 14. Rfd1
Rac8 15. e4 Bxd3 16. Qxd3 c5 17. Bd2 Qa4 18. e5 h6 19. d5 c4 20. Qd4 exd5 21.
Qxd5 Nc5 22. Nd4 Rcd8 23. Qf3 Ne6 24. Be3 Nxd4 25. Bxd4 Rfe8 26. Re1 Re6 27.
Qe4 Qc6 28. f4 Qxe4 29. Rxe4 f5 30. Re2 Kf7 31. Kf2 Re7 32. Kf3 Ke6 33. g4 Rf7
34. Rg1 g5 35. h4 fxg4+ 36. Rxg4 Bc1 37. hxg5 hxg5 38. Rxg5 Rxf4+ 39. Kg2 Rf2+
40. Kxf2 Bxg5 41. Kf3 Rf8+ 42. Kg4 Bc1 43. Re1 Bf4 44. Re4 Bd2 45. Re2 Bh6 46.
Rh2 Bg7 47. Rh5 Rf1 48. Rg5 Bf8 49. Rg6+ Ke7 50. Rc6 Kd7 51. Rxc4 b5 52. e6+
Kxe6 53. Rc6+ Kd5 54. Ra6 Rc1 55. Rxa7 b4 56. Ra8 Bd6 57. Rc8 Rc2 58. Bh8 Ke6
59. Re8+ Kd7 60. Re3 Rg2+ 61. Kf3 Rh2 62. Bd4 Rd2 63. Ke4 1/2-1/2

[Event "Oebro CXU International 2023"]
[Site "Copenhagen"]
[Date "2023.07.29"]
[Round "8.8"]
[White "Chatalbashev, Boris"]
[Black "Westrum, Kim Roger Hansen"]
[Result "1-0"]
[WhiteElo "2493"]
[BlackElo "2106"]
[PlyCount "141"]
[EventDate "2023.07.24"]
[EventType "swiss"]
[EventRounds "9"]
[EventCountry "DEN"]
[SourceTitle "Live v. Obro Skakforenin"]

1. Nf3 c5 2. g3 g6 3. Bg2 Bg7 4. O-O Nc6 5. c4 d6 6. Nc3 e5 7. a3 Nge7 8. Rb1
a5 9. d3 O-O 10. Bd2 h6 11. Ne1 Be6 12. Nc2 d5 13. cxd5 Nxd5 14. Ne3 Nde7 15.
Nc4 Rc8 16. Qa4 b6 17. f4 exf4 18. Bxf4 g5 19. Bd6 Bxc4 20. Bxe7 Qd4+ 21. Kh1
b5 22. Qc2 Nxe7 23. dxc4 Qxc4 24. Be4 b4 25. Nd5 Qxc2 26. Nxe7+ Kh8 27. Bxc2
Rce8 28. Nf5 Rxe2 29. Bd1 Rxb2 30. Rxb2 Bxb2 31. axb4 axb4 32. Bb3 Kh7 33. g4
Kg6 34. Rd1 Kf6 35. Nxh6 Rc8 36. Rd6+ Ke5 37. Nxf7+ Kf4 38. Be6 Re8 39. Kg2 Bd4
40. Kf1 Ra8 41. Rb6 Ra1+ 42. Ke2 Rh1 43. Kd3 Rxh2 44. Kc4 Rc2+ 45. Kd5 Rd2 46.
Kc6 Re2 47. Kd7 Rd2 48. Rb5 Rd1 49. Ke7 Rd3 50. Nd6 Rc3 51. Nc4 Rc1 52. Rb8 Re1
53. Kd6 Rd1 54. Kc6 Re1 55. Kd5 Rd1 56. Rb7 Bf2+ 57. Kc6 Bd4 58. Rf7+ Kg3 59.
Nd6 b3 60. Ne4+ Kh3 61. Nxg5+ Kh4 62. Ne4 Kh3 63. g5+ Kg2 64. Bxb3 Rf1 65. g6
Rxf7 66. gxf7 Bg7 67. Nxc5 Bf8 68. Ne6 Ba3 69. Nf4+ Kf3 70. Ng6 Kg4 71. Kd7 1-0

[Event "Oebro CXU International 2023"]
[Site "Copenhagen"]
[Date "2023.07.29"]
[Round "8.9"]
[White "Grave, Jacob Templen"]
[Black "Hansen, Soren Bech"]
[Result "1-0"]
[WhiteElo "2255"]
[BlackElo "2208"]
[PlyCount "91"]
[EventDate "2023.07.24"]
[EventType "swiss"]
[EventRounds "9"]
[EventCountry "DEN"]
[SourceTitle "Live v. Obro Skakforenin"]

1. d4 Nf6 2. c4 e6 3. g3 Bb4+ 4. Nd2 O-O 5. Bg2 Re8 6. Ngf3 d5 7. O-O b6 8. b3
Bb7 9. Bb2 Nbd7 10. Rc1 Bf8 11. cxd5 exd5 12. e3 c5 13. Re1 Ne4 14. Ne5 Nxd2
15. Qxd2 Nxe5 16. dxe5 Qd7 17. Red1 Rad8 18. h4 d4 19. Bxb7 Qxb7 20. exd4 cxd4
21. Qf4 Qa6 22. a4 d3 23. h5 h6 24. Rc7 Re7 25. e6 fxe6 26. Rxe7 Bxe7 27. Qc7
Kf7 28. Ba3 Re8 29. Qd7 Qc8 30. Rxd3 Qxd7 31. Rxd7 Kf6 32. Bb2+ Kg5 33. Rxa7
Kxh5 34. Bd4 Bc5 35. Bxc5 bxc5 36. Rc7 Kg4 37. Kg2 Kf5 38. Rxc5+ Ke4 39. Rb5
Kd4 40. a5 e5 41. b4 e4 42. a6 Ra8 43. Rb6 Kc4 44. b5 Kb4 45. Rb7 Ka5 46. a7
1-0

[Event "Oebro CXU International 2023"]
[Site "Copenhagen"]
[Date "2023.07.29"]
[Round "8.10"]
[White "Hagen, Andreas Skytte"]
[Black "Brattgjerd, Isak Vinh"]
[Result "1-0"]
[WhiteElo "2348"]
[BlackElo "2185"]
[PlyCount "103"]
[EventDate "2023.07.24"]
[EventType "swiss"]
[EventRounds "9"]
[EventCountry "DEN"]
[SourceTitle "Live v. Obro Skakforenin"]

1. e4 c6 2. d4 d5 3. e5 c5 4. dxc5 e6 5. a3 Bxc5 6. Nf3 Nd7 7. b4 Be7 8. Bb2 a5
9. b5 f6 10. exf6 Bxf6 11. Bxf6 Qxf6 12. Nbd2 Ne7 13. Be2 O-O 14. O-O Nc5 15.
c4 d4 16. Nb3 Nxb3 17. Qxb3 e5 18. Bd3 Bf5 19. c5+ Kh8 20. Bxf5 Qxf5 21. Rae1
a4 22. Qc4 Ng6 23. Qd5 Nf4 24. Qxb7 Rab8 25. Qe4 Nd3 26. Qxf5 Rxf5 27. c6 Nxe1
28. Rxe1 Rf6 29. Rxe5 Kg8 30. Kf1 Rd6 31. Ke2 d3+ 32. Kd2 Kf8 33. Rc5 Ke7 34.
b6 Rxb6 35. c7 Rdc6 36. c8=Q Rb2+ 37. Kxd3 Rb3+ 38. Ke4 Rxc8 39. Rxc8 Rxa3 40.
Rc7+ Kf6 41. Rc6+ Ke7 42. Ra6 Ra1 43. Nd4 Re1+ 44. Kf4 Rf1 45. f3 Rf2 46. Kg3
Ra2 47. Nf5+ Kf7 48. Ra7+ Kf6 49. Nxg7 a3 50. Ne8+ Ke5 51. Nc7 Rc2 52. Ra5+ 1-0

[Event "Oebro CXU International 2023"]
[Site "Copenhagen"]
[Date "2023.07.30"]
[Round "9.1"]
[White "Baasansuren, Erdene"]
[Black "Haubro, Martin"]
[Result "1/2-1/2"]
[WhiteElo "2278"]
[BlackElo "2386"]
[PlyCount "73"]
[EventDate "2023.07.24"]
[EventType "swiss"]
[EventRounds "9"]
[EventCountry "DEN"]
[SourceTitle "Live v. Obro Skakforenin"]

1. d4 Nf6 2. c4 e6 3. g3 d5 4. Nf3 Bb4+ 5. Bd2 Be7 6. Bg2 O-O 7. O-O c6 8. Qc2
Nbd7 9. Bf4 a5 10. Rd1 a4 11. c5 b6 12. cxb6 Qxb6 13. Nc3 Qa7 14. e4 dxe4 15.
Ne5 Nxe5 16. dxe5 Nd5 17. Nxe4 h6 18. Rac1 Bd7 19. Nc5 Rfb8 20. Nxd7 Qxd7 21.
Be3 Qb7 22. Bd4 Rc8 23. a3 Bd8 24. Qe2 Bb6 25. Be4 Rab8 26. h4 Bxd4 27. Rxd4
Qxb2 28. Qxb2 Rxb2 29. Rxa4 g6 30. Ra5 Ra2 31. Bxd5 exd5 32. Rxd5 Rxa3 33. Rdc5
Re8 34. Kg2 h5 35. R1c2 Kf8 36. Kh2 Re6 37. Rxc6 1/2-1/2

[Event "Oebro CXU International 2023"]
[Site "Copenhagen"]
[Date "2023.07.30"]
[Round "9.4"]
[White "Carlsson, Ludvig"]
[Black "Kistrup, Nicolai"]
[Result "1-0"]
[WhiteElo "2373"]
[BlackElo "2339"]
[PlyCount "63"]
[EventDate "2023.07.24"]
[EventType "swiss"]
[EventRounds "9"]
[EventCountry "DEN"]
[SourceTitle "Live v. Obro Skakforenin"]

1. e4 c5 2. Nf3 d6 3. d4 cxd4 4. Nxd4 Nf6 5. Nc3 Nc6 6. Bg5 e6 7. Qd2 a6 8.
O-O-O Bd7 9. f3 Nxd4 10. Qxd4 Be7 11. Kb1 Qc7 12. h4 b5 13. Be3 h5 14. Qd2 b4
15. Ne2 a5 16. Rc1 O-O 17. Bg5 Rfb8 18. c4 e5 19. Ng3 g6 20. Bd3 Qd8 21. Nf1
Be6 22. Ne3 Nd7 23. g4 hxg4 24. fxg4 Bxg5 25. hxg5 Qxg5 26. Rh3 f6 27. c5 Kg7
28. Rch1 Rh8 29. Qh2 Rxh3 30. Qxh3 Bg8 31. Qh8+ Kf7 32. Bc4+ 1-0

[Event "Oebro CXU International 2023"]
[Site "Copenhagen"]
[Date "2023.07.30"]
[Round "9.5"]
[White "Hamitevici, Vladimir"]
[Black "Chatalbashev, Boris"]
[Result "0-1"]
[WhiteElo "2494"]
[BlackElo "2493"]
[PlyCount "94"]
[EventDate "2023.07.24"]
[EventType "swiss"]
[EventRounds "9"]
[EventCountry "DEN"]
[SourceTitle "Live v. Obro Skakforenin"]

1. e4 c5 2. Nf3 Nc6 3. Bb5 g6 4. Bxc6 bxc6 5. O-O Bg7 6. Re1 Nh6 7. e5 Nf5 8.
b3 f6 9. Bb2 fxe5 10. Bxe5 Bxe5 11. Nxe5 d6 12. Nf3 O-O 13. d4 cxd4 14. Nxd4
Qb6 15. Nxf5 Rxf5 16. Qd2 Ba6 17. Nc3 Raf8 18. Nd1 Rd5 19. Qc3 e5 20. Qe3 Qxe3
21. Rxe3 Rd2 22. Rc1 Rf5 23. f3 d5 24. Rc3 e4 25. Nf2 exf3 26. Rxf3 Rxf3 27.
gxf3 Kg7 28. Kg2 g5 29. a3 h5 30. c4 dxc4 31. bxc4 c5 32. Rc3 Rb2 33. Kg1 Rb1+
34. Kg2 Rb2 35. Kg1 Rb1+ 36. Kg2 Bb7 37. h3 Rb2 38. Kg1 Ra2 39. Rd3 Kf6 40.
Ne4+ Bxe4 41. fxe4 Ke5 42. Rd5+ Kxe4 43. Rxc5 Kf4 44. h4 g4 45. Rxh5 Kg3 46.
Rf5 Ra1+ 47. Rf1 Rxf1+ 0-1

[Event "Oebro CXU International 2023"]
[Site "Copenhagen"]
[Date "2023.07.30"]
[Round "9.6"]
[White "Storme, Isak"]
[Black "Vuelban, Virgilio"]
[Result "0-1"]
[WhiteElo "2448"]
[BlackElo "2195"]
[PlyCount "76"]
[EventDate "2023.07.24"]
[EventType "swiss"]
[EventRounds "9"]
[EventCountry "DEN"]
[SourceTitle "Live v. Obro Skakforenin"]

1. c4 e5 2. Nc3 Nf6 3. Nf3 Nc6 4. e3 Bb4 5. Qc2 Bxc3 6. bxc3 e4 7. Ng5 Qe7 8.
f3 exf3 9. Nxf3 d6 10. Be2 O-O 11. O-O Ne5 12. Nd4 Bg4 13. d3 Bxe2 14. Qxe2
Nfd7 15. Nf5 Qe6 16. e4 Rae8 17. Rb1 Nb6 18. Ba3 f6 19. h3 Rf7 20. Bc1 c6 21.
Qe3 Kh8 22. Qg3 Na4 23. Ba3 Nxc3 24. Rbe1 c5 25. d4 cxd4 26. Nxd6 d3 27. Qe3
Rd7 28. Nxe8 Qxe8 29. Qd2 Ne2+ 30. Kh2 Nxc4 31. Qb4 Nxa3 32. Qxa3 Qb8+ 33. e5
Qxe5+ 34. Kh1 h6 35. Qa4 b5 36. Qd1 Ng3+ 37. Kg1 Qd4+ 38. Rf2 Ne4 0-1

[Event "Oebro CXU International 2023"]
[Site "Copenhagen"]
[Date "2023.07.30"]
[Round "9.7"]
[White "Ingebretsen, Jens E"]
[Black "Grave, Jacob Templen"]
[Result "1-0"]
[WhiteElo "2342"]
[BlackElo "2255"]
[PlyCount "75"]
[EventDate "2023.07.24"]
[EventType "swiss"]
[EventRounds "9"]
[EventCountry "DEN"]
[SourceTitle "Live v. Obro Skakforenin"]

1. c4 e6 2. Nc3 d5 3. d4 Nf6 4. cxd5 exd5 5. Bg5 c6 6. e3 Bd6 7. Bd3 O-O 8. Qc2
h6 9. Bh4 Re8 10. Nf3 Be6 11. O-O Nbd7 12. Rab1 a5 13. a3 Rc8 14. b4 axb4 15.
axb4 b5 16. e4 dxe4 17. Nxe4 Be7 18. Nc5 Bd5 19. Bf5 Ra8 20. Ne5 Bxc5 21. Bxd7
Bxd4 22. Bxe8 Bxe5 23. Bxc6 Qc7 24. Bxf6 Bxh2+ 25. Kh1 Bxc6 26. f4 Bxf4 27.
Rxf4 Qxf4 28. Qxc6 Ra2 29. Qe8+ Kh7 30. Qxf7 Rxg2 31. Kxg2 Qe4+ 32. Kf2 Qf4+
33. Ke2 Qe4+ 34. Kd2 Qg2+ 35. Kc3 Qf3+ 36. Kb2 Qg2+ 37. Ka1 Qa8+ 38. Qa2 1-0

[Event "Oebro CXU International 2023"]
[Site "Copenhagen"]
[Date "2023.07.30"]
[Round "9.8"]
[White "Hacker, Jonas"]
[Black "Hagen, Andreas Skytte"]
[Result "1-0"]
[WhiteElo "2406"]
[BlackElo "2348"]
[PlyCount "63"]
[EventDate "2023.07.24"]
[EventType "swiss"]
[EventRounds "9"]
[EventCountry "DEN"]
[SourceTitle "Live v. Obro Skakforenin"]

1. e4 c5 2. Nf3 d6 3. Bc4 Nf6 4. d3 Nc6 5. c3 g6 6. Bb3 Bg7 7. O-O O-O 8. Nbd2
b5 9. Re1 a5 10. d4 a4 11. Bc2 cxd4 12. cxd4 Bg4 13. h3 Bh5 14. e5 Bxf3 15.
Nxf3 Nd5 16. Be4 e6 17. Bg5 Qd7 18. Qd2 a3 19. bxa3 Rxa3 20. Bh6 Ncb4 21. Bxg7
Kxg7 22. h4 Rfa8 23. h5 Rxa2 24. Rxa2 Rxa2 25. h6+ Kg8 26. Qg5 Ra8 27. Rb1 Rf8
28. Rxb4 f6 29. exf6 Nxb4 30. Bxg6 Kh8 31. Bh5 Rg8 32. f7 1-0